000
00358nam a2200133Ia 4500
008
100328s9999 xx 000 0 und d
082
_b
37761
100
_a
वैद्य सुरेश.
245
_a
फीलिंग.
260
_b
शब्द सन्मान
630
_a
फीलिंग.
730
_a
फीलिंग.
942
_c
BOOK
999
_c
527105
_d
527102